L'orthodoxie en Europe - Statistiques

Statistiques générales
  • Ce quiz a été pris 696 fois
  • Le résultat moyen est 9 sur 13
Statistiques - réponses
Hint Réponse % Correct
Plus grand pays orthodoxe du monde. Russie
92%
Le Péloponnèse, l'Epire ou la Thessalie sont les noms de certaines des anciennes provinces de ce pays. Grèce
90%
Kiev, Kharkiv et Odessa sont les 3 villes les plus peuplées de ce pays. Ukraine
89%
Pays d'origine d'Eugène Ionesco. Roumanie
79%
Homonyme de la patrie d'Alexandre le Grand. Macédoine
72%
Occupant une partie de l'ancienne Thrace, ce pays a longtemps lutté contre l'occupant ottoman avant d'obtenir son indépendance. Bulgarie
68%
Depuis 1974, ce pays insulaire est coupé en 2. Chypre
68%
Bordant la mer Noire, ce pays a vu naître Joseph Staline sur son territoire. Géorgie
66%
Conquis par les Ottomans lors de la bataille du Champ des Merles au XIVème siècle, ce pays retrouve son indépendance 5 siècles plus tard. Serbie
62%
Le plus petit des deux seuls pays d'Europe orientale de langue latine. Moldavie
60%
Ce pays a obtenu son indépendance en 2006. Monténégro
57%
Première nation à adopter le christianisme comme religion d'Etat en 301 après JC. Arménie
54%
Autrefois appelé Ruthénie blanche, ce pays a la particularité d'avoir 40% de son territoire recouvert de forêts. Biélorussie
54%
Aucun quiz correspondant
Distribution des résultats
% des personnes avec chaque résultat
Percentile par nombre de réponses
Votre historique - résultats
Vous n’avez pas pris ce quiz